Central Library OPAC University of Rajshahi

Radio Engineering : (Record no. 73919)

MARC details
000 -LEADER
fixed length control field 00698nam a2200253 a 4500
001 - CONTROL NUMBER
control field 73919
003 - CONTROL NUMBER IDENTIFIER
rucl marc code BD-RjUL
005 - DATE AND TIME OF LATEST TRANSACTION
control field 20211209082449.0
008 - FIXED-LENGTH DATA ELEMENTS--GENERAL INFORMATION
fixed length control field 170615s1987 ii a\\\\\ \\\\001\0\eng\d
035 ## - SYSTEM CONTROL NUMBER
System control number (BD-RjUL)74137
040 ## - CATALOGING SOURCE
Original cataloging agency BD-RjUL
Language of cataloging eng
Transcribing agency BD-RjUL
041 ## - LANGUAGE CODE
Language code of text/sound track or separate title eng
082 ## - DEWEY DECIMAL CLASSIFICATION NUMBER
Edition number 23
Classification number 621.384
Author mark and year MIR 1987
100 1# - MAIN ENTRY--PERSONAL NAME
Personal name Mithal, G. K.
9 (RLIN) 119633
245 10 - TITLE STATEMENT
Title Radio Engineering :
Remainder of title Applied Electronics /
Statement of responsibility, etc. G. K. Mithal
250 ## - EDITION STATEMENT
Edition statement 14th ed.
260 ## - PUBLICATION, DISTRIBUTION, ETC. (IMPRINT)
Place of publication, distribution, etc. Delhi :
Name of publisher, distributor, etc. Khanna Pub.,
Date of publication, distribution, etc. c1987
300 ## - PHYSICAL DESCRIPTION
Pagination v. :
Illustrations ill. ;
Size 22 cm.
504 ## - BIBLIOGRAPHY, ETC. NOTE
Bibliography, etc Includes bibliography and index
505 0# - FORMATTED CONTENTS NOTE
Formatted contents note Vol. 2--
650 ## - SUBJECT ADDED ENTRY--TOPICAL TERM
Topical term or geographic name as entry element Radio Engineering.
9 (RLIN) 119662
700 ## - ADDED ENTRY--PERSONAL NAME
Personal name Mittal, Ravi
942 ## - ADDED ENTRY ELEMENTS (KOHA)
Source of classification or shelving scheme Dewey Decimal Classification
Koha item type Books
Holdings
Lost status Source of classification or shelving scheme Damaged status Not for loan Collection code Permanent Location Current Location Shelving location Date acquired Source of acquisition Cost, normal purchase price Total Checkouts Full call number Date last seen Copy number Koha item type Date checked out
  Dewey Decimal Classification   Not For Loan Non-fiction Central Library, University of Rajshahi Central Library, University of Rajshahi Reading Room 27/02/1988 World agency, Dhaka 132.00   621.384 MIR V-2 1987 15/06/2017 C-1 Books  
  Dewey Decimal Classification     Non-fiction Central Library, University of Rajshahi Central Library, University of Rajshahi   27/02/1988 World agency, Dhaka 132.00 2 621.384 MIR V-2 1987 28/06/2022 C-2 Books 26/05/2022